Pocket guide to APA style (Record no. 7620)
[ view plain ]
| 000 -LEADER | |
|---|---|
| fixed length control field | 00817nam a22002417a 4500 |
| 003 - CONTROL NUMBER IDENTIFIER | |
| control field | OSt |
| 005 - DATE AND TIME OF LATEST TRANSACTION | |
| control field | 20220119121336.0 |
| 008 - FIXED-LENGTH DATA ELEMENTS--GENERAL INFORMATION | |
| fixed length control field | 220119b ||||| |||| 00| 0 eng d |
| 020 ## - INTERNATIONAL STANDARD BOOK NUMBER | |
| International Standard Book Number | 9780618691197 |
| 040 ## - CATALOGING SOURCE | |
| Transcribing agency | DDC |
| 082 ## - DEWEY DECIMAL CLASSIFICATION NUMBER | |
| Classification number | 028.7 PER 2000 |
| 100 ## - MAIN ENTRY--PERSONAL NAME | |
| Personal name | Perrin, Robert |
| 9 (RLIN) | 15577 |
| 245 ## - TITLE STATEMENT | |
| Title | Pocket guide to APA style |
| 250 ## - EDITION STATEMENT | |
| Edition statement | Second edition. |
| 260 ## - PUBLICATION, DISTRIBUTION, ETC. (IMPRINT) | |
| Place of publication, distribution, etc. | Boston : |
| Name of publisher, distributor, etc. | Houghton Miffli; |
| Date of publication, distribution, etc. | 2007. |
| 300 ## - PHYSICAL DESCRIPTION | |
| Extent | x, 149 pages : |
| Other physical details | illustrations ; |
| Dimensions | 22 cm |
| 504 ## - BIBLIOGRAPHY, ETC. NOTE | |
| Bibliography, etc | Includes index. |
| 650 ## - SUBJECT ADDED ENTRY--TOPICAL TERM | |
| Topical term or geographic name as entry element | Psychology -- Authorship -- Handbooks, manuals, etc |
| 9 (RLIN) | 15578 |
| 650 ## - SUBJECT ADDED ENTRY--TOPICAL TERM | |
| Topical term or geographic name as entry element | Social sciences -- Authorship -- Handbooks, manuals, etc. |
| 9 (RLIN) | 15579 |
| 650 ## - SUBJECT ADDED ENTRY--TOPICAL TERM | |
| Topical term or geographic name as entry element | Psychological literature -- Publishing -- Handbooks, manuals, etc |
| 9 (RLIN) | 15580 |
| 650 ## - SUBJECT ADDED ENTRY--TOPICAL TERM | |
| Topical term or geographic name as entry element | Research -- Handbooks, manuals, etc. |
| 9 (RLIN) | 15581 |
| 942 ## - ADDED ENTRY ELEMENTS (KOHA) | |
| Source of classification or shelving scheme | Dewey Decimal Classification |
| Koha item type | Book |
| Withdrawn status | Lost status | Source of classification or shelving scheme | Damaged status | Not for loan | Home library | Current library | Date acquired | Source of acquisition | Inventory number | Total Checkouts | Full call number | Barcode | Date last seen | Price effective from | Koha item type |
|---|---|---|---|---|---|---|---|---|---|---|---|---|---|---|---|
| Dewey Decimal Classification | MUST Main Library | MUST Main Library | 19/01/2022 | Purchase | 14/38433 | 028.7 PER 2000 | 2022-0063 | 19/01/2022 | 19/01/2022 | Book | |||||
| Dewey Decimal Classification | MUST Main Library | MUST Main Library | 19/01/2022 | Purchase | 14/381345 | 028.7 PER 2000 | 2022-0064 | 19/01/2022 | 19/01/2022 | Book | |||||
| Dewey Decimal Classification | MUST Main Library | MUST Main Library | 19/01/2022 | Purchase | 14/38434 | 028.7 PER 2000 | 2022-0065 | 19/01/2022 | 19/01/2022 | Book | |||||
| Dewey Decimal Classification | MUST Main Library | MUST Main Library | 19/01/2022 | Purchase | 14/381346 | 028.7 PER 2000 | 2022-0066 | 19/01/2022 | 19/01/2022 | Book |
